000 00802cam a2200265 i 4500
001 2739454
003 ARRUPE
005 20130924170719.0
008 790529s1979 nyu b 000 0 eng
010 _a 78070827
020 _a0809121859 :
_c$3.45
040 _aDLC
_cDLC
_dDLC
050 0 0 _aBT83.57
_b.L48
082 0 0 _a261.8
245 0 0 _aMission Trends no.4 /
_cedited by Gerald H. Anderson and Thomas F. Stransky.
260 _aNew York :
_bPaulist Press,
_cc1979.
300 _axii, 289 p. ;
_c19 cm.
490 0 _aMission trends ; no. 4
504 _aBibliography: p. 283-289.
650 0 _aLiberation theology.
_91060
700 1 _aAnderson, Gerald H.
_91061
700 1 _aStransky, Thomas F.
_91062
906 _a7
_bcbc
_corignew
_d2
_eopcn
_f19
_gy-gencatlg
942 _2lcc
_cMONOGRAPH
999 _c117994
_d117994